Shetantlin fulan Part 1 (Record no. 98869)

MARC details
000 -LEADER
fixed length control field 00636nam a2200217Ia 4500
003 - CONTROL NUMBER IDENTIFIER
control field OSt
005 - DATE AND TIME OF LATEST TRANSACTION
control field 20251209145737.0
008 - FIXED-LENGTH DATA ELEMENTS--GENERAL INFORMATION
fixed length control field 210210b1983 xxu||||| |||| 00| 0 eng d
040 ## - CATALOGING SOURCE
Transcribing agency AL
041 ## - LANGUAGE CODE
Language code of text/sound track or separate title Konkani
082 ## - DEWEY DECIMAL CLASSIFICATION NUMBER
Classification number 891.463 DISS
100 ## - MAIN ENTRY--PERSONAL NAME
Personal name Edvin J F Disoja
9 (RLIN) 155938
110 ## - MAIN ENTRY--CORPORATE NAME
Corporate name or jurisdiction name as entry element ಎಡ್ವಿನ್ ಜೆ ಎಫ್ ಡಿಸೋಜಾ
9 (RLIN) 248487
245 ## - TITLE STATEMENT
Title Shetantlin fulan Part 1
Remainder of title : ಶೆತಾಂತ್ಲಿ ಫುಲಾಂ -1
260 ## - PUBLICATION, DISTRIBUTION, ETC.
Place of publication, distribution, etc. Manglur
Name of publisher, distributor, etc. Punav Prakashan.,
Date of publication, distribution, etc. 1983
300 ## - PHYSICAL DESCRIPTION
Extent 196p
650 ## - SUBJECT ADDED ENTRY--TOPICAL TERM
Topical term or geographic name entry element Edwin J F Dsouza
9 (RLIN) 155939
690 ## - LOCAL SUBJECT ADDED ENTRY--TOPICAL TERM (OCLC, RLIN)
Topical term or geographic name as entry element Konkani Fiction
9 (RLIN) 155940
906 ## - LOCAL DATA ELEMENT F, LDF (RLIN)
a 049939
942 ## - ADDED ENTRY ELEMENTS (KOHA)
Source of classification or shelving scheme Dewey Decimal Classification
Koha item type Book
Holdings
Withdrawn status Lost status Source of classification or shelving scheme Damaged status Not for loan Collection code Home library Current library Date acquired Cost, normal purchase price Total Checkouts Full call number Barcode Date last seen Price effective from Koha item type
    Dewey Decimal Classification     Konkani St Aloysius Library St Aloysius Library 02/17/2021 10.00   891.463 DISS 049939 02/17/2021 02/17/2021 Book
    Dewey Decimal Classification     Konkani St Aloysius Library St Aloysius Library 02/17/2021 10.00   891.463 DISS 049940 02/17/2021 02/17/2021 Book